000 01919nam0a2200349 4500
001 RU\NLR\b_ik\142855
005 20250616225823.0
035 _a(NLR Aleph) 002216035
090 _a3234256
_c3234256
100 _a20060226d2005 |||y0rusy50 ca
101 0 _aeng
_drus
102 _aRU
105 _aa |||||||||
200 1 _aDirect numerical modeling of stochastic radionuclide advection in highly non-uniform media
_fV.M. Goloviznin, P.S. Kondratenko, L.V. Matweev [et al.]
210 _aMoscow
_cNuclear safety inst.
_d2005
215 _a37 с.
_cил.
_d29
225 1 _aPreprint
_fRuss. acad. of sciences, Nuclear safety inst.
_vIBRAE-2005-01
300 _aНа обороте тит. л.: Прямое численное моделирование стохастической адвекции радионуклидов в сильно неоднородных средах / Головизнин В.М., Кондратенко П.С., Матвеев Л.В. [и др.]
300 _aНадзаг. также на рус. яз.
300 _aРез. на рус. яз.
313 _aЗахоронение радиоактивных отходов
320 _aБиблиогр.: с. 37 (14 назв.)
517 0 _aПрямое численное моделирование стохастической адвекции радионуклидов в сильно неоднородных средах
606 1 _aРадиоактивные отходы
_xЗахоронение в горных породах
_92343761
_3RU\NLR\AUTH\661400753
686 4 _aЛ362.094.209.9
701 1 _aGoloviznin
_bV. M.
_gVasilij Michajlovič
_4070
701 1 _aKondratenko
_bP. S.
_gPetr Sergeevič
_4070
701 1 _aMatveev
_bL. V.
_gLeonid Vladimirovič
_4070
801 0 _aRU
_bNLR
_c20060226
_gPSBO
942 _cBOOK
980 _aNB